00874nam a2200253 i 4500001000300000100001700003245010400020260006700124300002800191504001400219650001300233650003100246655003000277020001500307040000800322041000800330080004000338920001800378942000700396008004100403999001700444856009800461952006100559bg1 aWESTA, Maria10aAnaliza ekonometryczna i prognozowanie z użyciem pakietu Microfit 4.0 for Windows /cMaria Westa. aOlsztyn :bWydaw. Uniwersytetu Warmińsko-Mazurskiego,c2003. a217 s. :bil. ;c24 cm. aBibliogr. 9aMicrofit 9aEkonometriaxautomatyzacja aPodręczniki akademickie a8372992452 cBPK0 apol a004.42:519.86:330.43:330.47](075.8) a83-7299-245-2 cKS s pl f |000 0 pol  c43420d43420 uhttp://koha.tu.koszalin.pl/cgi-bin/koha/opac-detail.pl?biblionumber=43420yKatalog online BPK 00104070aBPKbBPKcwo69001p02048987s2015-10-02yKS